[Event "Quebec-ch sf"]
[Site "Montreal"]
[Date "2003.??.??"]
[Round "5"]
[White "Lavoie, Benoit"]
[Black "Dominique, Vladimir"]
[Result "0-1"]
[WhiteElo "1456"]
[BlackElo "1881"]
[PlyCount "52"]
[EventDate "2003.??.??"]
[EventType "swiss"]
[EventRounds "5"]
[EventCountry "CAN"]
[SourceTitle "EXT 2006"]
[Source "ChessBase"]
[SourceDate "2005.11.24"]
[SourceVersion "1"]
[SourceVersionDate "2005.11.24"]
[SourceQuality "1"]

1. c4 e5 2. Nc3 Nf6 3. g3 Be7 4. Bg2 0-0 5. e3 Nc6 6. Nge2 d6 7. 0-0 Bg4 8. h3 Be6 9. b3 Qd7 10. h4 d5 11. cxd5 Nxd5 12. Nxd5 Bxd5 13. e4 Be6 14. Bb2 Bg4 15. f3 Be6 16. Kh2 Rad8 17. Bc3 Ba3 18. Rb1 Qd3 19. Nc1 Qxb1 20. d3 Qxc1 21. Qxc1 Bxc1 22. Rxc1 Rxd3 23. Bb2 Rd2 24. Rxc6 bxc6 25. Bxe5 Rxa2 26. Bxc7 Bxb3 0-1

[Event "Quebec-ch sf"]
[Site "Montreal"]
[Date "2003.??.??"]
[Round "1"]
[White "Trottier, Yves"]
[Black "Lavoie, Benoit"]
[Result "1-0"]
[WhiteElo "2093"]
[BlackElo "1456"]
[PlyCount "129"]
[EventDate "2003.??.??"]
[EventType "swiss"]
[EventRounds "5"]
[EventCountry "CAN"]
[SourceTitle "EXT 2006"]
[Source "ChessBase"]
[SourceDate "2005.11.24"]
[SourceVersion "1"]
[SourceVersionDate "2005.11.24"]
[SourceQuality "1"]

1. e4 e5 2. Nf3 d6 3. Nc3 c6 4. d4 exd4 5. Qxd4 Nf6 6. Bf4 Be7 7. 0-0-0 0-0 8. Bxd6 Bxd6 9. Qxd6 Qa5 10. Bc4 Bg4 11. e5 Ne8 12. Qd4 Bxf3 13. gxf3 Qb6 14. Qh4 Qc7 15. Rhe1 Na6 16. e6 fxe6 17. Bxe6+ Kh8 18. Rd7 Qf4+ 19. Qxf4 Rxf4 20. Rxb7 Nc5 21. Re7 Nxe6 22. R7xe6 Nf6 23. R6e3 Kg8 24. Kd2 Rf8 25. Ke2 Nd5 26. Nxd5 cxd5 27. Rd1 d4 28. Red3 Rd8 29. Kf1 Rc8 30. R1d2 Rcf8 31. Kg2 g5 32. Rxd4 Rxf3 33. c4 Kg7 34. c5 h5 35. c6 R3f7 36. Rd7 Rc8 37. Rc2 Rxd7 38. cxd7 Rd8 39. Rc7 a5 40. Kf3 Kf6 41. Ke4 Ke6 42. Ra7 Rxd7 43. Rxd7 Kxd7 44. Kf5 Kd6 45. Kxg5 Kd5 46. f4 a4 47. f5 Kd4 48. f6 Kd3 49. f7 Kc2 50. f8Q Kxb2 51. Qf7 h4 52. Kxh4 a3 53. Kg4 Kc2 54. h4 Kc3 55. h5 Kd4 56. h6 Kd3 57. h7 Ke4 58. h8R Kd3 59. Qf3+ Kc4 60. Kg3 Kd4 61. Rh4+ Ke5 62. Qf4+ Ke6 63. Rh5 Ke7 64. Rh6 Ke8 65. Qc7 1-0